Top 500 des artistes les plus écoutés sur Spotify - Statistiques

Statistiques générales
  • Ce quiz a été pris 1 162 fois
    932 depuis la dernière actualisation
  • Le résultat moyen est 101 sur 500
Statistiques - réponses
# Indice Artiste % Correct
3 Poker Face Lady Gaga
93%
7 Diamonds Rihanna
92%
2 Blinding Lights The Weeknd
92%
1 When I Was Your Man Bruno Mars
88%
12 Shape of You Ed Sheeran
88%
9 Baby Justin Bieber
87%
5 Viva La Vida Coldplay
82%
10 Lose Yourself Eminem
82%
31 Chandelier Sia
82%
47 Billie Jean Michael Jackson
80%
38 Crazy In Love Beyoncé
79%
11 Espresso Sabrina Carpenter
77%
27 Someone Like You Adele
75%
13 I'm Good (Blue) David Guetta
75%
19 Hips Don't Lie Shakira
74%
45 Bohemian Rhapsody Queen
73%
6 Cruel Summer Taylor Swift
73%
28 Dark Horse Katy Perry
72%
219 ZEZE Kodak Black
72%
21 One Kiss Calvin Harris
71%
14 One Dance Drake
70%
20 Dance The Night Dua Lipa
69%
55 As It Was Harry Styles
69%
91 Like a Prayer Madonna
69%
107 Just Give Me a Reason P!nk
69%
4 What Was I Made For? Billie Eilish
68%
8 no tears left to cry Ariana Grande
67%
84 Toxic Britney Spears
67%
25 Believer Imagine Dragons
67%
26 Summertime Sadness Lana Del Rey
67%
56 I'm Still Standing Elton John
65%
401 Careless Whisper George Michael
64%
33 Flowers Miley Cyrus
64%
154 All I Want For Christmas Is You Mariah Carey
63%
16 goosebumps Travis Scott
61%
138 Dancing Queen ABBA
60%
365 Pumped Up Kicks Foster The People
59%
69 I Gotta Feeling Black Eyed Peas
58%
62 Havana Camila Cabello
58%
83 TiK ToK Kesha
58%
22 Sugar Maroon 5
58%
61 Starships Nicki Minaj
57%
80 In Da Club 50 Cent
56%
24 Dákiti Bad Bunny
55%
76 Can't Stop The Feeling! Justin Timberlake
55%
23 HUMBLE. Kendrick Lamar
55%
108 Here Comes the Sun The Beatles
55%
328 Get Lucky Daft Punk
54%
364 Can't Hold Us Macklemore & Ryan Lewis
54%
104 Highway to Hell AC/DC
53%
70 We Don't Talk Anymore Charlie Puth
53%
133 Smells Like Teen Spirit Nirvana
53%
212 Dynamite BTS
52%
100 Empire State Of Mind Jay-Z
52%
46 Timber Pitbull
51%
42 Stay With Me Sam Smith
50%
419 My Heart Will Go On Céline Dion
49%
113 Let Me Love You DJ Snake
49%
15 Sunflower Post Malone
49%
117 Wake Me Up Avicii
48%
210 Still D.R.E. Dr. Dre
48%
50 vampire Olivia Rodrigo
48%
67 SAD! XXXTentacion
48%
41 Say So Doja Cat
47%
124 Happy Pharell Williams
47%
58 Señorita Shawn Mendes
47%
152 WAP Cardi B
46%
34 Night Changes One Direction
46%
17 Gold Digger Kanye West
45%
150 Thrift Shop Macklemore
44%
88 Lose You To Love Me Selena Gomez
44%
49 Take Me To Church Hozier
43%
331 Despacito Luis Fonsi
43%
44 Counting Stars One Republic
43%
18 Kill Bill SZA
43%
168 Stressed Out Twenty-One Pilots
42%
99 See You Again Wiz Khalifa
42%
207 Wonderwall Oasis
41%
250 Don't You Worry Child Swedish House Mafia
41%
145 Roxanne The Police
41%
109 Fallin' Alicia Keys
40%
106 Another Love Tom Odell
40%
218 On The Floor Jennifer Lopez
39%
72 Yeah! Usher
39%
205 I Will Always Love You Whitney Houston
39%
297 Rehab Amy Winehouse
38%
208 California Love 2pac
37%
39 I Wanna Be Yours Arctic Monkeys
37%
37 Mask Off Future
37%
153 Creep Radiohead
37%
102 Californication Red Hot Chilli Peppers
37%
195 Lush Life Zara Larsson
37%
89 Love Me Like You Do Ellie Goulding
36%
350 With Or Without You U2
36%
398 Take On Me a-ha
35%
112 Sweet but Psycho Ava Max
35%
40 Con Calma Daddy Yankee
35%
223 Jailhouse Rock Elvis Presley
35%
280 Industry Baby Lil Nas X
35%
35 In the End Linkin Park
35%
30 Happier Marshmello
35%
52 Beautiful Things Benson Boone
34%
294 All of Me John Legend
34%
484 How You Like That Blackpink
33%
337 Airplanes B.o.B
33%
53 Under The Influence Chris Brown
33%
178 Libérée, délivrée Disney
33%
413 Losing My Religion R.E.M.
33%
121 No Lie Sean Paul
33%
160 Drop It Like It's Hot Snoop Dogg
33%
190 Satisfaction The Rolling Stones
33%
202 Africa Toto
33%
380 Wild Ones Jelly Roll
32%
137 Despecha ROSALIA
32%
192 Dusk Till Dawn ZAYN
31%
194 Stayin' Alive Bee Gees
30%
128 Someone You Loved Lewis Capaldi
30%
416 Another Brick In The Wall Pink Floyd
30%
259 Could You Be Loved Bob Marley
29%
425 Be Alright Dean Lewis
29%
341 Hotel California Eagles
29%
460 Somebody That I Used To Know Gotye
29%
449 Kun Faya Kun Javed Ali
29%
483 Teenagers My Chemical Romance
29%
251 Born in the U.S.A. Bruce Springsteen
28%
149 Swalla Jason Derulo
28%
36 La Canción J Balvin
28%
43 Young Dumb & Broke Khalid
28%
193 Lean On Major Lazer
28%
59 STAY The Kid LAROI
28%
63 Sweater Weather The Neighbourhood
28%
157 Faded Alan Walker
27%
436 Call Me Maybe Carly Rae Jepsen
27%
201 Zombie Cranberries
27%
158 Lucid Dreams Juice WRLD
27%
92 Sucker for Pain Lil Wayne
27%
129 Smack That Akon
26%
270 Don't Bryson Tiller
26%
65 Good Luck, Babe! Chappell Roan
26%
228 Feel Good Inc. Gorillaz
26%
325 Royals Lorde
26%
165 All About That Bass Meghan Trainor
26%
182 X Nicky Jam
26%
224 Hey Ya! OutKast
26%
293 Cairo Ovy On The Drums
26%
78 greedy Tate McRae
26%
54 Closer The Chainsmokers
26%
277 Dream On Aerosmith
25%
394 Gangsta's Paradise Coolio
25%
459 Space Oddity David Bowie
25%
264 September Earth, Wind & Fire
25%
101 Pink + White Frank Ocean
25%
368 Dilemma Nelly
25%
51 a lot 21 Savage
24%
167 Genie In a Bottle Christina Aguilera
24%
118 Low Flo Rida
24%
119 American Idiot Green Day
24%
267 MONEY LISA
24%
164 Uptown Funk Mark Ronson
24%
203 Enter Sandman Metallica
24%
199 Promiscuous Nelly Furtado
24%
388 Boys Don't Cry The Cure
24%
90 See You Again Tyler the Creator
24%
103 Praise The Lord A$AP Rocky
23%
87 Meant to Be Bebe Rexha
23%
197 Heart Attack Demi Lovato
23%
261 I'm The One DJ Khaled
23%
254 Unforgettable French Montana
23%
161 Sweet Child O' Mine Guns N' Roses
23%
345 July Noah Cyrus
23%
86 360 Charli XCX
22%
200 Bailando Enrique Iglesias
22%
29 Provenza Karol G
22%
278 Zitti E Buoni Måneskin
22%
48 Creepin' Metro Boomin
22%
241 Stargazing Myles Smith
22%
177 Livin' On A Prayer Bon Jovi
21%
183 Sprinter Central Cee
21%
216 This Is America Childish Gambino
21%
403 My Way Frank Sinatra
21%
64 Without Me Halsey
21%
95 SOLO JENNIE
21%
135 XO Tour Llif3 Lil Uzi Vert
21%
487 Here Comes The Rain Again Dave Stewart
20%
310 La Romana El Alfa
20%
494 Sweet Dreams (Are Made of This) Eurythmics
20%
439 Bring Me To Life Evanescence
20%
125 Say You Won't Let Go James Arthur
20%
74 No Role Modelz J. Cole
20%
435 Bang Bang Jessie J
20%
354 The Box Roddy Ricch
20%
151 On The Ground ROSÉ
20%
214 Hypnotize The Notorious B.I.G.
20%
233 Hey, Soul Sister Train
20%
301 Water Tyla
20%
462 Diet Pepsi Addison Rae
19%
245 Complicated Avril Lavigne
19%
173 Apocalypse Cigarettes After Sex
19%
452 Enemy League of Legends
19%
66 Hawái Maluma
19%
327 In The Name Of Love Martin Garrix
19%
407 Walk It Talk It Migos
19%
275 In The Air Tonight Phil Collins
19%
383 Girls Just Want to Have Fun Cyndi Lauper
18%
252 The Spins Mac Miller
18%
97 Time of Our Lives Ne-Yo
18%
162 Riptide Vance Joy
18%
493 Corps Yseult
18%
239 I Want It That Way Backstreet Boys
17%
287 Pompeii Bastille
17%
222 End of Beginning Djo
17%
381 Somewhere Only We Know Keane
17%
283 Day 'N' Nite Kid Cudi
17%
126 Drip Too Hard Lil Baby
17%
258 High Hopes Panic! at the Disco
17%
187 Escapism. RAYE
17%
309 The Way I Are Timbaland
17%
338 Forever Young Alphaville
16%
105 Danza Kuduro Don Omar
16%
120 No Idea Don Toliver
16%
262 we fell in love in october girl in red
16%
132 It Ain't Me Kygo
16%
458 Stairway to Heaven Led Zeppelin
16%
363 What You Know Bout Love Pop Smoke
16%
393 Superstition Stevie Wonder
16%
94 Unforgettable Swae Lee
16%
73 Lose Control Teddy Swims
16%
141 China Anuel Aa
15%
206 Dancing On My Own Calum Scott
15%
392 Sultans of Swing Dire Straits
15%
390 Jolene Dolly Parton
15%
263 Me, Myself & I G-Eazy
15%
166 I Love You, I'm Sorry Gracie Abrams
15%
455 The Sweet Escape Gwen Stefani
15%
485 Sucker Jonas Brothers
15%
211 The Less I Know The Better Tame Impala
15%
496 Seven Nation Army The White Stripes
15%
191 Symphony Clean Bandit
14%
249 Heather Conan Gray
14%
274 ROCKSTAR DaBaby
14%
308 Heat Waves Glass Animals
14%
98 Lemonade Gunna
14%
140 Beautiful Mistakes Megan Thee Stallion
14%
284 Calm Down Rema
14%
256 Chop Suey! System Of A Down
14%
185 pick up the phone Young Thug
14%
209 Uptown Girl Billy Joel
13%
115 Pepas Farruko
13%
231 Don't Stop Believin' Journey
13%
136 telepatia Kali Uchis
13%
412 Since U Been Gone Kelly Clarkson
13%
358 Star Shopping Lil Peep
13%
282 Ransom Lil Tecca
13%
315 Ric Flair Drip Offset
13%
32 Magnolia Playboy Carti
13%
395 Where Are Ü Now Skrillex
13%
139 2002 Anne-Marie
12%
227 Still Don't Know My Name Labrinth
12%
286 Ain't No Mountain High Enough Marvin Gaye
12%
295 Bye Bye Bye NSYNC
12%
77 Hey Mor Ozuna
12%
217 Mr. Brightside The Killers
12%
71 The Business Tiësto
12%
204 Maneater Daryl Hall & John Oates
11%
495 It Was A Good Day Ice Cube
11%
369 Seven Jung Kook
11%
169 The Night We Met Lord Huron
11%
305 How You Remind Me Nickelback
11%
478 It Wasn't Me Shaggy
11%
266 Ho Hey The Lumineers
11%
326 Taste Tyga
11%
371 Let Me Down Slowly Alec Benjamin
10%
134 Downton Anitta
10%
279 Last Last Burna Boy
10%
81 Una Noche en Medellin Cris Mj
10%
253 Centuries Fall Out Boy
10%
291 Dog Days Are Over Florence + The Machine
10%
461 Budapest George Ezra
10%
181 First Class Jack Harlow
10%
334 Glimpse Of Us Joji
10%
170 My Love Mine All Mine Mitski
10%
437 No Brainer Quavo
10%
60 Todo De Ti Rauw Alejandro
10%
147 Dark Red Steve Lacy
10%
298 Everybody Wants To Rule The World Tears For Fears
10%
333 You're Gonna Go Far, Kid The Offspring
10%
176 MAMII Becky G
9%
220 Romantic Homicide d4vd
9%
123 Where Are Ü Now Diplo
9%
230 Heartbreak Anniversary Giveon
9%
336 Unholy Kim Petras
9%
469 Ahora Te Puedes Marchar Luis Miguel
9%
184 Sure Thing Miguel
9%
248 Sugar Robin Schulz
9%
242 Iris The Goo Goo Dolls
9%
382 Youngblood 5 Seconds Of Summer
8%
423 Daylight David Kushner
8%
426 White Flag Dido
8%
276 Walkin On A Dream Empire of the Sun
8%
114 Dreams Fleetwood Mac
8%
116 Gata Only FloyyMenor
8%
385 Everlong Foo Fighters
8%
456 Fast Car Jonas Blue
8%
347 Sex on Fire Kings of Leon
8%
480 Feeling Good Michael Bublé
8%
377 Break from Toronto PARTYNEXTDOOR
8%
311 Until I Found You Stephen Sanchez
8%
257 The Color Violet Tory Lanez
8%
142 Miss The Rage Trippie Redd
8%
268 Lovers Rock TV Girl
8%
111 Or Nah Ty Dolla $ign
8%
172 i like the way you kiss me Artemas
7%
370 Ain't No Sunshine Bill Withers
7%
130 Have You Ever Seen The Rain Creedence Clearwater Revival
7%
421 Issues Julia Michaels
7%
356 golden hour JVKE
7%
499 Somebody That I Used To Know Kimbra
7%
213 One Of The Girls Lily-Rose Depp
7%
444 Get Lucky Nile Rodgers
7%
273 Misery Business Paramore
7%
332 Dandelions Ruth B.
7%
429 Beautiful Girls Sean Kingston
7%
215 Hall of Fame The Script
7%
448 There Is a Light That Never Goes Out The Smiths
7%
492 Buy U a Drank T-Pain
7%
312 Leave The Door Open Anderson .Paak
6%
372 I Don't F*ck With You Big Sean
6%
155 Quevedo: Bzrp Music Sessions Bizarrap
6%
360 All The Small Things blink-182
6%
303 Skinny Love Bon Iver
6%
329 Summer Of '69 Bryan Adams
6%
482 Swim Chase Atlantic
6%
143 Best Part Daniel Caesar
6%
399 Me Rehuso Danny Ocean
6%
319 Latch Disclosure
6%
296 Sailor Song Gigi Perez
6%
414 I Like Me Better Lauv
6%
146 Where Are You Now Lost Frequencies
6%
466 Piece Of Your Heart MEDUZA
6%
269 Unwritten Natasha Bedingfield
6%
57 Ella Baila Sola Peso Pluma
6%
376 RAPSTAR Polo G
6%
400 Can't Hold Us Ray Dalton
6%
320 Alibi Sevdaliza
6%
163 A Bar Song Shaboozey
6%
247 Girls Need Love Summer Walker
6%
232 Strawberries & Cigarettes Troye Sivan
6%
144 Something in the Orange Zach Bryan
6%
481 Eastside benny blanco
5%
379 The Sound Of Silence Disturbed
5%
316 Broadway Girls Lil Durk
5%
432 Broccoli Lil Yachty
5%
110 La Bachata Manuel Turizo
5%
443 LA INOCENTE Mora
5%
82 LALA Myke Towers
5%
156 Stick Season Noah Kahan
5%
229 Columbia Quevedo
5%
175 Propuesta Indecente Romeo Santos
5%
237 Miénteme TINI
5%
440 Monëy so big Yeat
5%
500 Make No Sense YoungBoy Never Broke Again
5%
489 The Middle Zedd
5%
362 Move Adam Port
4%
330 Give Me Everything Afrojack
4%
488 Mo Mo Ke Dhaage Anu Malik
4%
408 family ties Baby Keem
4%
355 death bed (coffee for your head) Beabadoobee
4%
338 Clouded Brent Faiyaz
4%
475 Cigarette Daydreams Cage The Elephant
4%
348 Sofia Clairo
4%
410 Austin Dasha
4%
457 Don't Let Me Down Daya
4%
289 3 Nights Dominic Fike
4%
75 Feliz Cumpleaños Ferxxo Feid
4%
317 Cheerleader (Remix) Felix Jaehn
4%
171 No Me Conoce Jhayco
4%
236 Surround Sound JID
4%
468 Seven Latto
4%
342 My Kind of Woman Mac DeMarco
4%
96 Last Night Morgan Wallen
4%
353 Walk Em Down NLE Choppa
4%
174 Million Dollar Baby Tommy Richman
4%
359 Heroes Alesso
3%
491 Soch Na Sake Amaal Mallik
3%
344 Ella Y Yo Aventura
3%
186 Rush Ayra Starr
3%
313 Middle Of The Night Elley Duhé
3%
497 I Want To Know What Love Is Foreigner
3%
498 Stereo Hearts Gym Class Heroes
3%
430 Alibi Pabllo Vittar
3%
467 Sensualidad Prince Royce
3%
335 Freaks Surf Curse
3%
307 Callaita Tainy
3%
442 WAIT FOR U Tems
3%
387 I Love You So The Walters
3%
463 Brown Eyed Girl Van Morrison
3%
367 Besos Moja2 Wisin & Yandel
3%
272 Yandel 150 Yandel
3%
225 Deep Down Alok
2%
389 Walking on Broken Glass Annie Lennox
2%
234 La Jumpa Arcangel
2%
68 Tujhe Kitna Chahne Lage Arijit Singh
2%
302 Tutu Camilo
2%
148 Que Vuelvas Carin Leon
2%
179 Me Porto Bonito Chencho Corleone
2%
288 Tennessee Whiskey Chris Stapleton
2%
424 She Don't Give a Fo Duki
2%
422 Jealous Eyedress
2%
471 World Hold On FISHER
2%
122 un x100to Grupo Frontera
2%
281 Shut Up My Moms Calling Hotel Ugly
2%
451 Bella Ciao (Remix) HUGEL
2%
361 White Brown Black Jaani
2%
428 Es Por Ti Juanes
2%
486 Nights Like This Kehlani
2%
235 Ajab Si KK
2%
189 Beautiful Crazy Luke Combs
2%
243 Qué Mas Pues? Maria Becerra
2%
418 Belong Together Mark Ambor
2%
255 AMG Natanael Cano
2%
314 Mamichula Nicki Nicole
2%
479 Adan y Eva Paulo Londra
2%
244 Es un Secreto Plan B
2%
79 Kesariya Pritam
2%
340 Jordan Ryan Castro
2%
265 Pareja Del Año Sebastian Yatra
2%
434 Volando (Remix) Sech
2%
464 Rich Baby Daddy Sexyy Red
2%
405 Breaking Me Topic
2%
472 Otra vez Zion & Lennox
2%
306 Agar Tum Saath Ho Alka Yagnik
1%
221 Chaleya Anirudh Ravichander
1%
93 Agar Tum Saath Ho A.R. Rahman
1%
246 Tera Hone Laga Hoon Atif Aslam
1%
324 Jugnu Badshah
1%
433 VAGABUNDO Beéle
1%
321 Mirame Blessd
1%
445 Sensacion Del Bloque De La Ghetto
1%
470 Los del Espacio Emilia
1%
131 Sabor Fresa Fuerza Regida
1%
441 Thunder Gabry Ponte
1%
431 La Curiosidad Jay Wheeler
1%
450 New Light John Mayer
1%
226 El Azul Junior H
1%
351 Ohnana Kapo
1%
409 Move Keinemusik
1%
375 Oye Mi Amor Maná
1%
490 Dilbar Neha Kakkar
1%
378 Q U E V A S H A C E R H O Y ? Omar Courtz
1%
373 Me Niego Reik
1%
357 A Mi Rels B
1%
127 Apna Bana Le Sachin-Jigar
1%
271 Mitwa Shankar Mahadevan
1%
180 Chuttamalle Shilpa Rao
1%
85 Saibo Shreya Ghoshal
1%
477 Your Love The Outfield
1%
349 LA PEOPLE II Tito Double P
1%
402 Mamichula Trueno
1%
406 Besharam Rang Vishal Dadlani
1%
188 Dil Diyan Gallan Vishal-Shekhar
1%
285 Classy 101 Young Miko
1%
322 Desi Kalakaar Yo Yo Honey Singh
1%
159 Kesariya Amitabh Bhattacharya
0%
438 Iktara Amit Trivedi
0%
476 Raataan Lambiyan Asees Kaur
0%
474 El Color de Tus Ojos Banda Sinaloense MS De Sergio Lizarraga
0%
374 Mast Magan Chinmayi
0%
323 Que Onda Chino Pacas
0%
290 Adios Amor Christian Nodal
0%
396 Asal Mein Darshan Raval
0%
386 WYA REMIX RED De La Rose
0%
299 Lemonade Diljit Dosanjh
0%
404 Kamariya Divya Kumar
0%
366 Lady Gaga Gabito Ballesteros
0%
415 EL AMOR DE SU VIDA Grupo Firme
0%
411 Hookah Bar Himesh Reshammiya
0%
391 Raataan Lambiyan Jubin Nautiyal
0%
427 Lo Siento BB:/ Julieta Venegas
0%
417 Regalo De Dios Julión Álvarez y su Norteño Banda
0%
397 I Remember Everything Kacey Musgraves
0%
465 Softly Karan Aujla
0%
453 Duniyaa Kunaal Vermaa
0%
446 Hola (Remix) Lenny Tavárez
0%
420 Nunca Es Suficiente Los Angeles Azules
0%
318 El Gavilan Luis R Conriquez
0%
352 Montagem - Pr Funk Mc Gw
0%
300 Tujhe Kitna Chahne Lage Mithoon
0%
292 Tum Se Hi Mohit Chauhan
0%
260 Madonna Oscar Maydon
0%
454 Déjala Que Vuelva Piso 21
0%
304 Nostalgico Rvssian
0%
447 Malang Sajna Sachet Tandon
0%
343 Mitwa Shankar-Ehsaan-Loy
0%
339 Main Agar Kahoon Sonu Nigam
0%
384 Surili Akhiyon Wale Sunidhi Chauhan
0%
198 Raataan Lambiyan Tanishk Bagshi
0%
346 Entre Nosotros Tiago PZK
0%
473 Tera Ban Jaunga Tulsi Kumar
0%
196 Jaadu Teri Nazar Udit Narayan
0%
240 Pehle Bhi Main Vishal Mishra
0%
Aucun quiz correspondant
Distribution des résultats
% des personnes avec chaque résultat
Percentile par nombre de réponses
Votre historique - résultats
Vous n’avez pas pris ce quiz depuis la dernière actualisation